Statistiques concernant Pays avec des systèmes de tramway

Cliquez ici pour prendre le quiz!

Statistiques générales

  • Ce quiz a été pris 44 fois
  • Le résultat moyen est 47 sur 56

Statistiques - réponses

HintPays% Correct
EuropeFrance
98%
EuropeRussie
98%
AsieChine
98%
AsieJapon
98%
AfriqueÉgypte
95%
EuropeAllemagne
95%
EuropeSuède
95%
OceanieAustralie
95%
EuropeEspagne
95%
EuropeItalie
95%
Amérique du NordCanada
95%
Amérique du NordEtats-Unis
95%
Amérique du sudBrésil
95%
EuropeNorvège
93%
Amérique du sudArgentine
93%
AsieInde
93%
EuropeBelgique
93%
AfriqueTunisie
93%
AfriqueMaroc
93%
AfriqueAlgérie
93%
EuropeAutriche
90%
EuropeSuisse
90%
EuropePortugal
90%
EuropePologne
90%
EuropeFinlande
90%
EuropeUkraine
88%
EuropeHongrie
88%
Amérique du NordMexique
88%
EuropePays-Bas
88%
EuropeIrlande
88%
EuropeCroatie
88%
EuropeGrèce
88%
EuropeDanemark
88%
EuropeRoyaume-Uni
88%
EuropeRoumanie
85%
EuropeSlovaquie
85%
EuropeEstonie
83%
Amérique du sudBolivie
83%
EuropeRépublique tchèque
83%
EuropeLettonie
80%
AsieIran
80%
AsieTurquie
80%
EuropeLuxembourg
80%
EuropeSerbie
80%
EuropeBulgarie
76%
EuropeBiélorussie
73%
AsieIsraël
73%
AsieCorée du Nord
71%
Amérique du sudÉquateur
68%
EuropeBosnie-Herzégovine
66%
AsieÉmirats arabes unis
61%
AsieTaïwan
59%
AsieKazakhstan
54%
AsiePhilippines
51%
AfriqueÉthiopie
41%
AsieOuzbékistan
39%

Distribution des résultats

Percentile par nombre de réponses

% des personnes avec chaque résultat

Votre développement - résultats

Vous n’avez pas pris ce quiz